| 000 | 00493 a2200145 4500 | ||
|---|---|---|---|
| 003 | NUST | ||
| 005 | 20221202183642.0 | ||
| 040 | _cNust | ||
| 082 | _a025.31,DEF | ||
| 245 |
_aDefence industries in pakistan Catalogue 1998 / _cDirectorate general munitions production |
||
| 260 |
_apakistan _bDefence inductries _c1998 |
||
| 300 | _axii,161p .: | ||
| 505 | _aFirms And Industries (Page-1), Products (Page-121), Index Of Services And Special Facilities (Page-158). | ||
| 942 |
_2ddc _cBK _k025.31,DEF |
||
| 999 |
_c193680 _d193680 |
||